000 00634nam a22001817a 4500
005 20231107093431.0
008 231107b |||||||| |||| 00| 0 eng d
020 _a409019119
041 _aEnglish
082 _a346.47 CHO
100 _aWebster, GC and Page, NS
_lEnglish
245 _aChowles and Webster's South African Law of Trade Marks, Company Names and Trading Styles /
_cGC Webster and NS Page
250 _aSecond Edition
260 _aDurban :
_bButterworth and Company (Pty) Ltd,
_c1972
300 _bxli, 553 pages ;
_c25 cm.
650 _aLegal practice
_bLaw
942 _cBK
_6ALISON_BN_VRIES
999 _c359
_d359